| 000 | 01083 a2200349 4500 | ||
|---|---|---|---|
| 005 | 20251029140526.0 | ||
| 008 | 251029b |||||||| |||| 00| 0 eng d | ||
| 022 | _a18577431 | ||
| 022 | _a18577881 | ||
| 041 | _aFr | ||
| 041 | _aEn | ||
| 044 | _aCIV | ||
| 090 | _bDG/A/1660 | ||
| 100 | _aOBOUAYEBA, Samuel | ||
| 100 | _aGNAGNE, Michel Y. | ||
| 100 | _aELABO, Eliathe A. A. | ||
| 100 | _aKONAN, Djezou | ||
| 110 | _aCentre National de Recherche Agronomique | ||
| 110 | _bCote d'Ivoire | ||
| 242 | _aMorphlogical identification key of five rubber clones (Hevea Brasiliensis recommanded in Cote d'Ivoire | ||
| 245 | _aClef d'identification morphologique de cinq clones d'hevea (hevea brasiliensis Muell.Arg.) recommandes en Cote d'Ivoire | ||
| 260 | _aAbidjan | ||
| 260 | _bCNRA | ||
| 260 | _cFev 2020 | ||
| 302 | _a p. 483-498 | ||
| 388 | _a2025-10-29 | ||
| 650 |
_2AGROVOC _gHevea brasiliensis |
||
| 650 | _gClone | ||
| 650 | _g Identification | ||
| 650 | _g morphologie | ||
| 856 | _uhttps://ftech.byethost7.com/wp-content/uploads/2025/10/DGA1660.pdf | ||
| 999 |
_c5983 _d5983 |
||